1194 1506 1276 1765 1429 1221 1299 1083 1111 1232 1727 1705 1251 1686 1642 1980 1689 1585 1424 1955 1780 1721 1990 1017 1476 1974 1848 1399 1760 1072 1936 1237 1537 1589 1172 1814 1719 1031 1338 1809 1299 1017 1461 1246 1502 1623 1371 1062 1682 1869 1194 1807 1215 1621 1888 1368 1211 1333 1803 1893 1898 1743 1375 1176 1456 1912 1726 1564 1556 1495 1615 1630 1248 1498 1542 1357 1906 1709 1905 1337 1930 1012 1967 1598 1762 1967 1956 1201 1559 1256 1090 1542 1713 1276 1136 1979 1863 1723 1568 BCNSPRNW ULIB Ver.6.0+V

เปลี่ยนเป็นภาษาไทย

Change to English
 แสดงรายละเอียดบรรณานุกรม
  กลับหน้าหลัก

Brief Record : Get Marc (ISO 2709) : E-mail record : QR code < ปิดหน้าต่าง
LEADER : 00000nam 2200000uu 4500
001    13399124173
003     ULIB
008    020711s2550 th a 000 0 tha d
020    9789749557648
099    นว.อ734ล
100    อินตรา
245    ละครนี้มีรัก
260     ^bม.ป.ท.,^c2550
945    ^p340^l0^i022036
รายการนี้ยังไม่มีแท็ก
คุณยังไม่ได้ล็อกอิน คุณสามารถมีกิจกรรมร่วมกับเว็บไซต์ได้ แต่ต้องล็อกอินก่อน ::
  ล็อกอิน

รายการสื่อสารสนเทศ

ลำดับที่ ประเภท เลขเรียก/บาร์โค้ด สถานที่ สถานะ
1. นวนิยาย
นวนิยาย
นว.อ734ล ฉ.1 
  Barcode: 022036
ห้องสมุดวิทยาเขตสวรรค์ประชารักษ์
►นวนิยาย
บนชั้น
  ขอยืม

BibComment


ยังไม่เคยถูกคอมเมนท์

คอมเมนท์ทรัพยากรรายการนี้
  คอมเมนท์: ละครนี้มีรัก


 Copyright 2026. Bcnsprnw @Library